Political life : (Record no. 1317)

MARC details
000 -LEADER
fixed length control field 00546nam a2200157 4500
001 - CONTROL NUMBER
control field 1742
008 - FIXED-LENGTH DATA ELEMENTS--GENERAL INFORMATION
fixed length control field 770214c1965 xx 00110 eng d
100 1# - MAIN ENTRY--PERSONAL NAME
Personal name Lane, Robert Edwards.
245 10 - TITLE STATEMENT
Title Political life :
Remainder of title Why and how people get involved in politics /
Statement of responsibility, etc. Robert E. Lane.
260 ## - PUBLICATION, DISTRIBUTION, ETC.
Place of publication, distribution, etc. New York :
Name of publisher, distributor, etc. The Free Press,
Date of publication, distribution, etc. 1965.
300 ## - PHYSICAL DESCRIPTION
Extent 374 p. ;
Dimensions 22 cm.
500 ## - GENERAL NOTE
General note Free Press paperback edition.
504 ## - BIBLIOGRAPHY, ETC. NOTE
Bibliography, etc. note Includes bibliographical footnotes and indexes.
650 #0 - SUBJECT ADDED ENTRY--TOPICAL TERM
Topical term or geographic name entry element Political psychology.
651 #0 - SUBJECT ADDED ENTRY--GEOGRAPHIC NAME
Geographic name United States
General subdivision Politics and government.
Holdings
Withdrawn status Lost status Source of classification or shelving scheme Damaged status Not for loan Collection code Home library Current library Shelving location Date acquired Serial Enumeration / chronology Inventory number Total Checkouts Full call number Barcode Date last seen Date last checked out Price effective from Koha item type
    Dewey Decimal Classification     Main TEST RTC Library RTC Library Main opac 27/11/2018 1449 1 322 LAN 30005399 27/05/2024 13/05/2024 27/11/2018 Main
Royal Thimphu College || All Right Reserved